000 00608nam a22001577a 4500
003 OSt
005 20160322144223.0
008 160322b xxu||||| |||| 00| 0 eng d
040 _cRUA
082 _aAGR EK 2004 B473 Or.1
100 _98109
_aEK SAMANG; ឯក សំអាង
245 _aសហគមន៏កសិករដាំបន្លែ នៅក្នុងភូមិជក់ពរ ឃុំបឺងត្រាញ់ខាងត្បូង ស្រុកសំរោង ខេត្តតាកែវ
260 _aPhnom Penh
_bRUA
_c2004
300 _a24p.
_bill.
_c29cm.
942 _2ddc
_cAGR
999 _c7718
_d7718